000 00994nam a2200265Ia 4500
003 OSt
005 20221005113138.0
006 a|||||r|||| 00| 0
007 ta
008 221004b |||||||| |||| 00| 0 pan d
020 _a9788175993686 (hbk)
_cINR 600.00
024 _a66159
037 _b1168, 30/12/2019, H.K. Prakashan
_cTextual
040 _aCRL
_cCRL
_bpan
041 _2pan
_apan
082 _aO153,3x, Q9
100 _aਧੀਮਾਨ, ਹਰਬੰਸ ਸਿੰਘ, ਂਚ.
245 0 _aਪਾਕਿਸਤਾਨੀ ਪੰਜਾਬੀ 51 ਕਹਾਣੀਆਂ
260 _aਨਵੀਜ਼
_bਦਿੱਲੀ ਨਵਯੁਗ ਪਬਲਿFਰਗ਼ ਭਾਰਤ
_c2019
300 _a362ਪੰ0
_ccm.
650 _a ਪੰਜਾਬੀ ਕਹਾਣੀ
650 _aਪੰਜਾਬੀ ਸਾਹਿਤ
942 _hO153,3x, Q9
_cTEXL
_2cc
999 _c1027183
_d1027183